000 00704nam a2200289Ia 4500
005 20260324125828.0
008 008 260324s9999 xx 000 0 eng d
020 _a9780429138430
037 _aEBOOK
040 _aCRL
040 _beng
040 _cCRL
041 _2eng
041 _aeng
084 _qCRL
100 _aZhongfei Zhang; Ruofei Zhang
_91179488
245 0 _aMultimedia Data Mining
245 2 _bA Systematic Introduction to Concepts and Theory
260 _bTaylor and Francis
260 _c2008
365 _a
365 _b225
856 _uhttp://www.taylorfrancis.com/books/9780429138430
942 _cEBOOK
999 _c1775077
_d1775077